000 01772cam a22004454a 4500
001 muse85124
003 MdBmJHUP
005 20210127151556.0
006 m o d
007 cr||||||||nn|n
008 130923s2013 mx o 00 0 spa d
010 _z 2013446531
020 _a9786076286913
020 _z6074624224
020 _z9786074624229
035 _a(OCoLC)911180219
040 _aMdBmJHUP
_cMdBmJHUP
043 _acl-----
050 0 4 _aHM479.M43
_bM69 2013
100 1 _aMoya López, Laura Angelica,
_d1963-
_eauthor.
245 1 0 _aJosé Medina Echavarría y la sociología como ciencia social concreta (1939-1980)
_cLaura Angelica Moya López.
250 _aPrimera edición.
264 1 _bEl Colegio de Mexico,
264 3 _bProject MUSE,
300 _a1 online resource (473 pages, 28 unnumbered pages) :
_billustrations ;
500 _aChart of chronologies of the the field of sociology in several countries and chronology of the career of Echavarría: pages 476-500.
504 _aIncludes general bibliography (pages 421-451) and bibliography of works of Echavarría (pages 453-473).
506 0 _aOpen Access
_fUnrestricted online access
_2star
588 _aDescription based on print version record.
600 1 1 _aMedina Echavarría, Jose,
_d1903-1977.
650 0 _aSociology
_zLatin America
_xHIstory
_y20th century.
655 7 _aElectronic books.
_2local
710 2 _aProject Muse.
_edistributor
830 0 _aBook collections on Project MUSE.
856 4 0 _zFull text available:
_uhttps://muse.jhu.edu/book/74464/
999 _c26257
_d26257